Power development in Bangladesh (Record no. 513328)

MARC details
000 -LEADER
fixed length control field 00740nam a2200241Ia 4500
003 - CONTROL NUMBER IDENTIFIER
control field OSt
005 - DATE AND TIME OF LATEST TRANSACTION
control field 20220925190111.0
008 - FIXED-LENGTH DATA ELEMENTS--GENERAL INFORMATION
fixed length control field 220923b |||||||| |||| 00| 0 eng d
037 ## - SOURCE OF ACQUISITION
Terms of availability General Book
040 ## - CATALOGING SOURCE
Original cataloging agency RTL
Transcribing agency RTL
Language of cataloging eng
041 ## - LANGUAGE CODE
Source of code eng
Language code of text/sound track or separate title eng
110 ## - MAIN ENTRY--CORPORATE NAME
Corporate name or jurisdiction name as entry element Bangladesh, Water and power Development Authourity
9 (RLIN) 237213
245 #0 - TITLE STATEMENT
Title Power development in Bangladesh
260 ## - PUBLICATION, DISTRIBUTION, ETC.
Place of publication, distribution, etc. Bangladesh
Name of publisher, distributor, etc. Public Relations Office
Date of publication, distribution, etc. 1972
300 ## - PHYSICAL DESCRIPTION
Extent 99p.
Dimensions cm.
650 ## - SUBJECT ADDED ENTRY--TOPICAL TERM
Topical term or geographic name entry element Electrical
700 ## - ADDED ENTRY--PERSONAL NAME
Personal name Bangladesh, Water and power Development Authourity
9 (RLIN) 237214
942 ## - ADDED ENTRY ELEMENTS (KOHA)
Classification part X9(D66).44Q71.N7, L2
Koha item type General Books
Source of classification or shelving scheme Colon Classification (CC)

No items available.

Copyright @ Delhi University Library System